| 000 | 00960nam a2200277 i 4500 | ||
|---|---|---|---|
| 005 | 20220316235926.0 | ||
| 008 | 141017s2013 ck a gs 000 j spa d | ||
| 020 | _a9587040201 | ||
| 040 |
_aCO-BoRNBP _bspa _cCO-BoRNBP _erda |
||
| 041 | _aspa | ||
| 100 | 1 |
_aReyes, Yolanda, _d1959- |
|
| 245 | 1 | 3 |
_aEl terror de sexto "B" _by otras historias del colegio _cYolanda Reyes ; ilustraciones de Daniel Rabanal |
| 250 | _aSegunda edición | ||
| 264 | 1 |
_aBogotá _bAlfaguara _c2013 |
|
| 300 |
_a78 páginas _bilustraciones en blanco y negro _c20 cm |
||
| 336 |
_atexto _btxt _2rdacontent |
||
| 337 |
_asin mediación _bn _2rdamedia |
||
| 338 |
_avolumen _bnc _2rdacarrier |
||
| 650 | 1 | 4 |
_aCuentos infantiles colombianos _ySiglo XX _2LEMB |
| 650 | 1 | 4 |
_aLiteratura infantil colombiana _ySiglo XX _2LEMB |
| 650 | 1 | 4 |
_aEstudiantes _vCuentos _2LEMB |
| 650 | 1 | 4 |
_aAmor _vCuentos _2LEMB |
| 700 | 1 |
_aRabanal, Daniel, _eilustrador _9122825 |
|
| 942 |
_2loc _cBKLIT |
||
| 084 | _aC REY3 | ||
| 999 |
_c2615 _d2615 |
||